[Event "Johor op-A 7th"]
[Site "Johor"]
[Date "2022.12.28"]
[Round "5"]
[White "Sidabutar, Uriel Noah Oloan"]
[Black "Cai, Youyang"]
[Result "1-0"]
[WhiteElo "1776"]
[BlackElo "2036"]
[PlyCount "59"]
[EventDate "2022.12.26"]
[EventType "swiss"]
[EventRounds "9"]
[EventCountry "MAS"]
[SourceTitle "CBM 212 Extra"]
[Source "ChessBase"]
[SourceDate "2023.03.31"]
[SourceVersion "1"]
[SourceVersionDate "2023.03.31"]
[SourceQuality "1"]

1. e4 c5 2. Nc3 Nc6 3. Nf3 e6 4. g3 d5 5. d3 d4 6. Ne2 Bd6 7. Bg2 Nge7 8. 0-0 0-0 9. Nh4 e5 10. f4 exf4 11. gxf4 Bg4 12. Bf3 Bxf3 13. Rxf3 Ng6 14. Nf5 Nh4 15. Nxh4 Qxh4 16. Ng3 Qg4 17. Kh1 g6 18. Nf5 gxf5 19. Rg3 Qxg3 20. hxg3 fxe4 21. Qg4+ Kh8 22. Qd7 Rad8 23. Qxb7 Nb4 24. Bd2 Nxc2 25. Rc1 exd3 26. Qb3 Ne3 27. Qxd3 Ng4 28. Kg2 f5 29. Re1 Rb8 30. Re6 1-0

[Event "Bekasi Scua op 1st"]
[Site "Bekasi"]
[Date "2022.01.14"]
[Round "5"]
[White "Tan, Darren Emmanuel Apr"]
[Black "Sidabutar, Uriel Noah Oloan"]
[Result "0-1"]
[WhiteElo "1129"]
[BlackElo "1681"]
[PlyCount "110"]
[EventDate "2022.01.12"]
[EventType "swiss"]
[EventRounds "9"]
[EventCountry "INA"]
[SourceTitle "CBM 206 Extra"]
[Source "ChessBase"]
[SourceDate "2022.03.31"]
[SourceVersion "1"]
[SourceVersionDate "2022.03.31"]
[SourceQuality "1"]

1. e4 e5 2. Nf3 Nc6 3. d4 exd4 4. Bc4 Nf6 5. e5 d5 6. Bb5 Ne4 7. Nxd4 Bc5 8. 0-0 Bd7 9. Bxc6 bxc6 10. Be3 0-0 11. f3 Ng5 12. f4 Ne4 13. Nd2 f6 14. Nxe4 dxe4 15. Kh1 fxe5 16. fxe5 Qe7 17. Bf4 g5 18. Bg3 Rad8 19. Nb3 Bf5 20. Qe2 Bb6 21. c4 Bd4 22. Nxd4 Rxd4 23. Rad1 Rd3 24. Rxd3 exd3 25. Qd2 Bg6 26. Re1 Qf7 27. h3 Qxc4 28. e6 Qc2 29. Qxc2 dxc2 30. h4 Re8 31. hxg5 Rxe6 32. Rc1 Re2 33. Bf4 Re4 34. g3 Ra4 35. a3 Rd4 36. Kg2 Kf7 37. Bxc7 Rd1 38. Bf4 Ke6 39. Kf3 Kd5 40. Ke2 Bd3+ 41. Kf2 Kc4 42. b4 Kb3 43. a4 Kb2 44. Ke3 Kxc1 45. Kd4+ Kb2 46. Kc5 c1Q+ 47. Bxc1+ Rxc1+ 48. Kd4 Rc4+ 49. Kxd3 Rxb4 50. Ke3 c5 51. Kf3 c4 52. Kg4 c3+ 53. Kh5 c2 54. Kh6 c1Q 55. Kxh7 Qxg5 0-1